<?xml version="1.0" encoding="UTF-8"?>
<record
    xmlns:xsi="http://www.w3.org/2001/XMLSchema-instance"
    xsi:schemaLocation="http://www.loc.gov/MARC21/slim http://www.loc.gov/standards/marcxml/schema/MARC21slim.xsd"
    xmlns="http://www.loc.gov/MARC21/slim">

  <leader>01784naa a22002291i 4500</leader>
  <controlfield tag="001">3006</controlfield>
  <controlfield tag="003">KOSZ 005</controlfield>
  <controlfield tag="005">20190606151713.0</controlfield>
  <controlfield tag="008">140612s2009    pl     f     |000 0 pol d</controlfield>
  <datafield tag="040" ind1=" " ind2=" ">
    <subfield code="c">BPK</subfield>
    <subfield code="d">KOSZ 005/ac</subfield>
  </datafield>
  <datafield tag="080" ind1=" " ind2=" ">
    <subfield code="a">004.92/.94</subfield>
  </datafield>
  <datafield tag="080" ind1=" " ind2=" ">
    <subfield code="a">621.92</subfield>
  </datafield>
  <datafield tag="100" ind1="1" ind2=" ">
    <subfield code="a">KR&#xD3;LIKOWSKI, Tomasz.</subfield>
    <subfield code="d">1997 - .</subfield>
    <subfield code="b">Politechnika Koszali&#x144;ska - Wydzia&#x142; Mechaniczny,</subfield>
    <subfield code="c">Katedra Mechaniki Precyzyjnej</subfield>
  </datafield>
  <datafield tag="245" ind1="1" ind2="0">
    <subfield code="a">Ocena i modelowanie sk&#x142;adowych si&#x142; mikroskrawania pojedynczym ziarnem /</subfield>
    <subfield code="c">Tomasz Kr&#xF3;likowski, B&#x142;a&#x17C;ej Ba&#x142;asz.</subfield>
  </datafield>
  <datafield tag="246" ind1="3" ind2="1">
    <subfield code="a">Evaluation and modeling of component forces in single grain micromachining</subfield>
  </datafield>
  <datafield tag="500" ind1=" " ind2=" ">
    <subfield code="a">Dane z autopsji.</subfield>
  </datafield>
  <datafield tag="520" ind1=" " ind2=" ">
    <subfield code="a">Artyku&#x142; przedstawia wyznaczanie i modelowanie sk&#x142;adowych si&#x142; szlifowania i na ich podstawie analiz&#x119; zjawisk energetycznych towarzysz&#x105;cych szlifowaniu. Obecnie m&#xF3;wi si&#x119; o globalnej oszcz&#x119;dno&#x15B;ci energii. Ograniczenie wydatkowania energii w trakcie procesu szlifowania nawet w niewielkim procencie, w skali makro mo&#x17C;e przynie&#x15B;&#x107; bardzo wysokie korzy&#x15B;ci. Z literatury dotycz&#x105;cej tematu artyku&#x142;u przeanalizowano publikacje znacz&#x105;ce dla rozwoju technologii obr&#xF3;bki &#x15B;ciernej, zw&#x142;aszcza dotycz&#x105;ce aspekt&#xF3;w energetycznych tego procesu. W artykule przedstawiono modele wyznaczania si&#x142; sk&#x142;adowych szlifowania pojedynczym ziarnem &#x15B;ciernym oraz przedstawiono wyznaczone metodami symulacji komputerowej, najefektywniejsze rozwi&#x105;zania obni&#x17C;enia energii w procesie szlifowania przy zachowaniu znormalizowanej jako&#x15B;ci wyrobu ko&#x144;cowego.</subfield>
  </datafield>
  <datafield tag="650" ind1=" " ind2="0">
    <subfield code="a">Szlifowanie</subfield>
  </datafield>
  <datafield tag="700" ind1="1" ind2=" ">
    <subfield code="a">BA&#x141;ASZ, B&#x142;a&#x17C;ej.</subfield>
    <subfield code="d">1996 - .</subfield>
    <subfield code="b">Politechnika Koszali&#x144;ska - Wydzia&#x142; Mechaniczny,</subfield>
    <subfield code="c">Katedra Mechaniki Precyzyjnej</subfield>
  </datafield>
  <datafield tag="773" ind1="0" ind2=" ">
    <subfield code="i">W :</subfield>
    <subfield code="t">Pomiary Automatyka Kontrola. -</subfield>
    <subfield code="g">2009, Vol. 55, nr 4, s. 259-262</subfield>
  </datafield>
  <datafield tag="942" ind1=" " ind2=" ">
    <subfield code="c">ART</subfield>
    <subfield code="2">UKD</subfield>
  </datafield>
  <datafield tag="999" ind1=" " ind2=" ">
    <subfield code="c">3006</subfield>
    <subfield code="d">3006</subfield>
  </datafield>
  <datafield tag="952" ind1=" " ind2=" ">
    <subfield code="0">0</subfield>
    <subfield code="1">0</subfield>
    <subfield code="4">0</subfield>
    <subfield code="7">0</subfield>
    <subfield code="a">BPK</subfield>
    <subfield code="b">BPK</subfield>
    <subfield code="o">0275</subfield>
    <subfield code="y">ART</subfield>
  </datafield>
</record>
